Statistics for Etymology of Months

Click here to take the quiz!

General Stats

  • This quiz has been taken 103 times
  • The average score is 9 of 12

Answer Stats

MonthTypeAnswer% Correct
AugustPersonAugustus
97%
OctoberNumberEight
96%
NovemberNumberNine
96%
SeptemberNumberSeven
96%
DecemberNumberTen
96%
JulyPersonJulius Caesar
93%
MarchGodMars
83%
JuneGodJuno
77%
JanuaryGodJanus
72%
MayGodMaia
32%
AprilVerbAperire (open)
25%
FebruaryAncient festivalFebrua
15%

Score Distribution

Percentile by Number Answered

Percent of People with Each Score

Your Score History

You have not taken this quiz